ბათუმის შოთა რუსთაველის სახელმწიფო უნივერსიტეტის ბიბლიოთეკა

წყალმომარაგება. ნაწ.1. ქსელი და მისი ნაგებობანი. (ბიბ.ჩანაწერი № 43762)

000 -LEADER
fixed length control field 00981nam a2200265Ia 4500
001 - CONTROL NUMBER
control field 10507
003 - CONTROL NUMBER IDENTIFIER
control field GE_BSU
008 - FIXED-LENGTH DATA ELEMENTS--GENERAL INFORMATION
fixed length control field 181216s||||||||xx |||||||||||||| ||und||
020 ## - INTERNATIONAL STANDARD BOOK NUMBER
International Standard Book Number 9992836075
040 ## - CATALOGING SOURCE
Transcribing agency GE_BSU
080 ## - UNIVERSAL DECIMAL CLASSIFICATION NUMBER
Universal Decimal Classification number 628.1(075.8)
100 ## - MAIN ENTRY--PERSONAL NAME
Personal name კიკაჩეიშვილი,გ. ნაცვლიშვილი,ნ.
245 ## - TITLE STATEMENT
Title წყალმომარაგება. ნაწ.1. ქსელი და მისი ნაგებობანი.
245 ## - TITLE STATEMENT
Remainder of title სახელმძღვ.
245 ## - TITLE STATEMENT
Statement of responsibility, etc. რედ. ი.სემიკინა.
260 ## - PUBLICATION, DISTRIBUTION, ETC.
Place of publication, distribution, etc. თბ.
260 ## - PUBLICATION, DISTRIBUTION, ETC.
Name of publisher, distributor, etc. ტექნიკური უნივერსიტეტი.
260 ## - PUBLICATION, DISTRIBUTION, ETC.
Date of publication, distribution, etc. 1999.
300 ## - PHYSICAL DESCRIPTION
Extent 205გვ.; 20სმ.
300 ## - PHYSICAL DESCRIPTION
Accompanying material ნახ.ბიბლიოგრ.: გვ.201.
653 ## - INDEX TERM--UNCONTROLLED
Uncontrolled term ქსელი და მისი ნაგებობანი.
653 ## - INDEX TERM--UNCONTROLLED
Uncontrolled term წყალმომარაგება.
942 ## - ADDED ENTRY ELEMENTS (KOHA)
Koha item type წიგნი
ეგზემპლარები
Withdrawn status Lost status Damaged status Not for loan Date acquired Barcode Date last seen Price effective from Koha item type Public note
        2018-12-17 34615 2018-12-17 2018-12-17 წიგნი უნივერსიტეტის ბიბლიოთეკა
        2018-12-17 34616 2018-12-17 2018-12-17 წიგნი საინჟინრო ტექნოლოგიური ფაკულტეტი
        2018-12-17 34617 2018-12-17 2018-12-17 წიგნი საინჟინრო ტექნოლოგიური ფაკულტეტი
        2018-12-17 34618 2018-12-17 2018-12-17 წიგნი საინჟინრო ტექნოლოგიური ფაკულტეტი
        2018-12-17 35165 2018-12-17 2018-12-17 წიგნი